[Event "URS-ch sf"]
[Site "Daugavpils"]
[Date "1978.??.??"]
[Round "?"]
[White "Krivonosov, Oleg"]
[Black "Khodos, German L"]
[Result "1/2-1/2"]
[WhiteElo "2200"]
[BlackElo "2200"]

1. e4 c5 2. Nf3 e6 3. Nc3 d6 4. d4 cxd4 5. Nxd4 Nf6 6. g4 Be7 7. g5 Nfd7 8. Rg1  a6 9. Be3 Nc6 10. Qd2 O-O 11. O-O-O Nxd4 12. Qxd4 b5 13. f4 Qa5 14. f5 b4 15.  g6 Bf6 16. gxf7+ Rxf7 17. Qxd6 Be5 18. Qxe6 Nf6 19. Qb6 Qxb6 20. Bxb6 Bb7 21.  Nd5 Nxd5 22. exd5 Bxh2 23. Rg4 Rxf5 24. d6 Bf3 25. Rgd4 Bxd1 26. Rxd1 Rxf1 27.  Rxf1 Bxd6 28. Kd2 Be5 29. b3 Rb8 30. Bc5 Rd8+ 31. Ke3 Bc3 32. Ke4 g6 33. a3  bxa3 34. Bxa3 Rd2 35. Rf8+ Kg7 36. Rc8 Ba1 37. c4 h5 38. Rc7+ Kf6 39. Rc6+ Kf7  40. Rxa6 h4 41. Ra7+ Ke6 42. Ra6+ Kf7 43. Ra7+ 1/2-1/2

[Event "URS-ch sf"]
[Site "Daugavpils"]
[Date "1978.??.??"]
[Round "?"]
[White "Krivonosov, Oleg"]
[Black "Nikolaevsky, Yuri V"]
[Result "1/2-1/2"]
[WhiteElo "2200"]
[BlackElo "2200"]

1. e4 d6 2. d4 g6 3. Nf3 Bg7 4. Nc3 c6 5. Be2 Nf6 6. O-O O-O 7. a4 a5 8. h3 Na6  9. Be3 Nb4 10. Nd2 Nd7 11. Ncb1 c5 12. c3 cxd4 13. cxd4 d5 14. e5 Nb8 15. Na3  N8c6 16. f4 f6 17. Nb3 Qb6 18. Qd2 Bf5 19. Nc5 Rad8 20. g4 Bc8 21. Rac1 Na2 22.  Ra1 Nab4 23. Rac1 g5 24. exf6 exf6 25. f5 Qc7 26. Kg2 Rfe8 27. Bf3 b6 28. Nd3  Qd7 29. Nxb4 axb4 30. Nb5 Ba6 31. Bf2 Bf8 32. Rfe1 Bxb5 33. axb5 Na5 34. Rxe8  Rxe8 35. Qd3 Kh8 36. Re1 Rxe1 37. Bxe1 Nc4 38. b3 Na3 39. Be2 Bd6 40. h4 Qe7  41. hxg5 fxg5 42. Bd2 Qf6 43. Qe3 Qe7 44. Bf3 Qxe3 45. Bxe3 Be7 46. Bxd5 Nc2  47. Kf3 Nxe3 48. Kxe3 Bf6 49. Be6 Kg7 50. Ke4 Kf8 51. Kd5 Ke7 52. Bg8 h6 53.  Bh7 Bh8 54. Bg6 Bf6 1/2-1/2

[Event "URS-ch sf"]
[Site "Daugavpils"]
[Date "1978.??.??"]
[Round "?"]
[White "Krivonosov, Oleg"]
[Black "Vladimirov, Evgeny"]
[Result "1/2-1/2"]
[WhiteElo "2200"]
[BlackElo "2445"]

1. e4 e5 2. Nf3 Nc6 3. Bb5 Nd4 4. Ba4 Nxf3+ 5. Qxf3 Qf6 6. Qg3 Ne7 7. O-O c6 8.  d3 Ng6 9. Bg5 Qd6 10. Nc3 Be7 11. Rae1 O-O 12. Bb3 a5 13. a4 Bxg5 14. Qxg5 Qb4  15. h4 Qe7 16. Qxe7 Nxe7 17. f4 exf4 18. Rxf4 Ng6 19. Rf2 d6 20. h5 Ne7 21. d4  Bg4 22. h6 gxh6 23. Rf6 Rad8 24. Ref1 Bh5 25. e5 d5 26. Rxh6 Bg6 27. Rh3 f6 28.  Rxf6 Rxf6 29. exf6 Nf5 30. Ne2 Kf7 31. c3 Re8 32. Kf2 Nd6 33. Re3 Rxe3 34. Kxe3  Kxf6 35. Nf4 Be4 36. g3 Kf5 37. Kf2 Bb1 38. Bd1 Nc4 39. b4 Nb2 40. Bb3 axb4 41.  cxb4 Ke4 42. b5 Nd3+ 43. Nxd3 Bxd3 44. Ke1 cxb5 45. axb5 Bxb5 46. Kd2 Kxd4 47.  Bc2 h6 48. Bf5 Bc4 49. Bb1 b5 50. Bf5 b4 51. Bg6 b3 52. Bh7 Kc5 53. Kc3 d4+ 54.  Kb2 Kb4 55. Be4 d3 56. Bf3 d2 57. Bd1 Bd3 58. g4 Be4 59. Bxb3 Bf3 1/2-1/2

[Event "URS-ch sf"]
[Site "Daugavpils"]
[Date "1978.??.??"]
[Round "?"]
[White "Krivonosov, Oleg"]
[Black "Yurtaev, Leonid"]
[Result "0-1"]
[WhiteElo "2200"]
[BlackElo "2200"]

1. Nf3 g6 2. e4 Bg7 3. d4 c6 4. Nc3 b5 5. Bd3 d6 6. h3 a6 7. O-O Nd7 8. a4 Bb7  9. Be3 e5 10. dxe5 dxe5 11. Nd2 Ngf6 12. Nb3 O-O 13. Qe2 Qc7 14. Rfd1 Rfe8 15.  f3 Nh5 16. Qf2 Nf4 17. Bf1 Ne6 18. Rd2 b4 19. Na2 c5 20. Bc4 Nd4 21. a5 Nf8 22.  Nac1 Kh8 23. c3 f5 24. Bd5 Bxd5 25. exd5 f4 26. Bxd4 exd4 27. cxd4 c4 28. Nc5  Qd6 29. Ne2 Qxd5 30. Kh1 g5 31. Rc1 Ne6 32. Ne4 Rac8 33. Rdc2 Rc6 34. Qe1 Rb8  35. Ra1 Rc7 36. Ra4 Qb5 37. Ra1 Rd8 38. d5 Rxd5 39. Rd1 Rcd7 40. Rxd5 Rxd5 41.  Qc1 Qd7 42. Rd2 Rxd2 43. Nxd2 c3 44. bxc3 Qd3 45. cxb4 Qxe2 46. Ne4 h6 47. Qc8+  Nf8 48. Kh2 Kh7 49. Qf5+ Ng6 50. Nf6+ Bxf6 51. Qxf6 Ne5 52. Qe7+ Kg6 53. Qe8+  Kf6 54. Qd8+ Kf7 55. Qd5+ Kg6 56. h4 Kh5 57. hxg5 hxg5 58. Qa8 g4 59. Qe8+ Kg5  60. Qg8+ Kf6 61. Qh8+ Ke7 62. Qg7+ Kd8 63. Qf8+ Kd7 64. Qf5+ Kc6 65. Qe6+ Kb5  66. Qe8+ Kxb4 67. Qe7+ Kxa5 68. Qc5+ Ka4 69. Qd4+ Kb5 70. Qd5+ Kb4 71. Qd6+ Ka4  72. Qd4+ Nc4 73. Qd7+ Kb3 74. Qb7+ Kc3 75. Qxa6 gxf3 76. Qf6+ Ne5 0-1

[Event "URS-ch sf"]
[Site "Daugavpils"]
[Date "1978.??.??"]
[Round "?"]
[White "Krivonosov, Oleg"]
[Black "Zhidkov, Valery S"]
[Result "1/2-1/2"]
[WhiteElo "2200"]
[BlackElo "2520"]

1. e4 c5 2. Nf3 d6 3. d4 cxd4 4. Nxd4 Nf6 5. Nc3 a6 6. Bg5 e6 7. f4 Be7 8. Qf3  Qc7 9. O-O-O Nbd7 10. Bd3 h6 11. Bh4 g5 12. fxg5 Ne5 13. Qe2 Nfg4 14. Nf3 hxg5  15. Bg3 Bd7 16. h3 Nxf3 17. gxf3 Ne5 18. h4 gxh4 19. f4 O-O-O 20. Bf2 Nc6 21.  Qe1 h3 22. Na4 Qa5 23. Nb6+ Kc7 24. Nxd7 Qxe1 25. Rdxe1 Kxd7 26. Reg1 Rh7 27.  c3 Rdh8 28. Rh2 Rh6 29. Kd1 Bf8 30. Ke2 Rf6 31. Rg4 Rh5 32. Bh4 Rfh6 33. Bf2  Ne7 34. Be3 Rh8 35. Kf3 Ng6 36. Rg3 Rh4 37. Bf1 Ke7 38. Rgxh3 Rxh3+ 39. Rxh3  Rxh3+ 40. Bxh3 Bh6 41. Bg4 1/2-1/2

[Event "URS-ch sf"]
[Site "Daugavpils"]
[Date "1978.??.??"]
[Round "?"]
[White "Kudriashov, Anatoli"]
[Black "Kataev, V."]
[Result "1/2-1/2"]
[WhiteElo "2200"]
[BlackElo "2200"]

1. e4 c6 2. d4 d5 3. Nc3 dxe4 4. Nxe4 Nd7 5. Bc4 Ngf6 6. Ng5 e6 7. Qe2 Nb6 8.  Bd3 h6 9. N5f3 c5 10. dxc5 Bxc5 11. Ne5 Qc7 12. Ngf3 Nbd7 13. O-O O-O 14. Bd2  b6 15. Nxd7 Bxd7 16. Ne5 Rad8 17. Kh1 Bc8 18. Rae1 Bd6 19. f4 Bb7 20. Ng4 Nxg4  21. Qxg4 f5 22. Qg6 Rf6 23. Qh5 Qf7 24. Qxf7+ Kxf7 25. Be2 Bc5 26. Bc3 Rg6 27.  Bf3 Bxf3 28. Rxf3 h5 29. Be5 Rd2 30. g3 Rxc2 31. Rd1 a5 32. h4 Ke8 33. Rdd3 Be7  34. Rc3 Rxc3 35. Rxc3 Bf6 36. Bxf6 Rxf6 37. Rc7 Rg6 38. Kh2 e5 39. fxe5 Re6 40.  Rxg7 Rxe5 41. Rg5 Kf7 42. Rxh5 Re2+ 43. Kh3 Kg6 44. Rg5+ Kf6 45. Rg8 Rxb2 46.  h5 Rxa2 47. Rg6+ Kf7 48. Rxb6 Ra4 49. Ra6 Rg4 50. Ra7+ Kg8 51. Rxa5 Rg5 52. Ra7  Rxh5+ 53. Kg2 Rh7 1/2-1/2

[Event "URS-ch sf"]
[Site "Daugavpils"]
[Date "1978.??.??"]
[Round "?"]
[White "Kudriashov, Anatoli"]
[Black "Krivonosov, Oleg"]
[Result "1/2-1/2"]
[WhiteElo "2200"]
[BlackElo "2200"]

1. e4 c5 2. Nf3 d6 3. Bb5+ Nd7 4. O-O Ngf6 5. Re1 e5 6. c3 a6 7. Bf1 Qc7 8. d4  g6 9. Nbd2 Bg7 10. dxe5 Nxe5 11. Nxe5 dxe5 12. Nc4 O-O 13. Qd6 Qxd6 14. Nxd6  Rd8 15. Nxc8 Raxc8 16. f3 c4 17. Bg5 h6 18. Be3 Bf8 19. Red1 Rxd1 20. Rxd1 Bc5  21. Bxc5 Rxc5 22. Rd6 Kg7 23. Rb6 Rb5 24. Rxb5 axb5 25. a4 bxa4 26. Bxc4 Nd7  27. Kf2 Kf6 28. Ke3 Ke7 29. h4 Nc5 30. Bb5 Kd6 31. Kd2 f6 32. Be8 g5 33. hxg5  hxg5 34. Kc2 Kc7 35. Bf7 1/2-1/2

[Event "URS-ch sf"]
[Site "Daugavpils"]
[Date "1978.??.??"]
[Round "?"]
[White "Kudriashov, Anatoli"]
[Black "Suetin, Alexey S"]
[Result "0-1"]
[WhiteElo "2200"]
[BlackElo "2535"]

1. e4 c5 2. Nf3 Nc6 3. d4 cxd4 4. Nxd4 Nf6 5. Nc3 d6 6. Bg5 e6 7. Qd2 a6 8.  O-O-O Be7 9. f4 Qc7 10. Nf3 b5 11. Bxf6 gxf6 12. Kb1 O-O 13. f5 Kh8 14. Qh6 Rg8  15. Bd3 Ne5 16. Rhf1 Qc5 17. Nxe5 Qxe5 18. g3 Bd7 19. Rde1 Rae8 20. Rf4 Bf8 21.  Qh5 exf5 22. Rh4 Rg7 23. Qh6 d5 24. Rd1 fxe4 25. Bxe4 dxe4 26. Rxd7 Qe6 27. Rd1  f5 28. Qh5 Be7 29. Rf4 Rg5 30. Qe2 Rd8 31. Rdf1 Bd6 32. R4f2 Bc5 33. Rf4 e3 34.  Qf3 Rd2 35. Ne2 b4 36. Rc1 Bd6 37. Rh4 Qd5 38. Qxe3 Rg4 39. Rh5 Rd1 40. Qh6 Rg7  41. Qf6 Be5 42. Qxf5 f6 43. Rh4 a5 44. Rxd1 Qxd1+ 45. Nc1 Qd5 46. Qd3 Qxd3 47.  Nxd3 Rd7 48. Rg4 Bd4 49. a3 bxa3 50. bxa3 Rb7+ 51. Kc1 Bg1 52. h3 Bh2 53. Ra4  Ra7 54. g4 Kg7 55. Nc5 Kg6 56. Nb3 Bc7 57. c4 Kg5 58. c5 Kh4 59. Kc2 Kxh3 60.  Nd4 Be5 61. Rc4 Rg7 62. Nb3 Rxg4 63. Rxg4 Kxg4 64. Nxa5 h5 65. Nc4 Bb8 66. Kd3  h4 67. Ke2 Kg3 68. Kf1 h3 69. Kg1 Ba7 70. a4 Bxc5+ 71. Kh1 f5 72. a5 Ba7 73. a6  Bb8 74. Nd6 f4 75. Nf5+ Kg4 76. Nd4 Ba7 77. Nc6 Kg3 78. Nd4 Kg4 79. Nc6 Kh4 80.  Ne5 Kg3 81. Nc4 Bb8 82. Ne5 Ba7 83. Nc4 Be3 84. Ne5 Bd4 85. Nc4 Ba7 86. Ne5 Bb8  87. a7 Bxa7 88. Nc6 f3 89. Nd4 f2 90. Ne2+ Kf3 91. Ng3 Bb8 92. Nf1 Ke2 93. Ng3+  Ke1 94. Nf1 Bf4 95. Ng3 Bg5 0-1

[Event "URS-ch sf"]
[Site "Daugavpils"]
[Date "1978.??.??"]
[Round "?"]
[White "Kudriashov, Anatoli"]
[Black "Yurtaev, Leonid"]
[Result "1/2-1/2"]
[WhiteElo "2200"]
[BlackElo "2200"]

1. e4 g6 2. d4 Bg7 3. Nc3 c6 4. Nf3 b5 5. Bd3 d6 6. h3 Nd7 7. O-O Qc7 8. d5 b4  9. dxc6 bxc3 10. cxd7+ Bxd7 11. b3 Nf6 12. Qe2 O-O 13. Bf4 Bc6 14. Rae1 Nd7 15.  Qe3 Rfe8 16. Bh6 Bh8 17. Ng5 e6 18. Kh1 d5 19. f4 dxe4 20. Bxe4 Nf6 21. Bxc6  Qxc6 22. Nf3 Qb6 23. Qe2 Rad8 24. Rd1 Rd5 25. Ne5 Red8 26. Nc4 Qc7 27. Rde1 Rd4  28. Bg5 Ne4 29. Bxd8 Ng3+ 30. Kh2 Nxf1+ 31. Rxf1 Rxd8 32. Rf3 h5 33. h4 Rd5 34.  a4 Qd8 35. Kh3 Bf6 36. g3 Kg7 37. Ne5 Rd2 38. Qe4 Qb6 39. Rf1 Qc5 40. Nc4 Rd4  41. Qe2 Qf5+ 42. Kh2 Qd5 43. Re1 Qf5 44. Ne3 Qe4 45. Nc4 Qd5 46. Qg2 Qd8 47.  Qf2 e5 48. Nxe5 Rd2 49. Re2 Bxe5 50. fxe5 Rxe2 51. Qxe2 Qd2 52. Qg2 a5 53. Kh3  Qe1 54. Qf3 Qxe5 55. Kg2 Qd4 56. Qf2 Qd5+ 57. Kf1 f6 58. Qa7+ Kh6 59. Qe3+  1/2-1/2

[Event "URS-ch sf"]
[Site "Daugavpils"]
[Date "1978.??.??"]
[Round "?"]
[White "Kupreichik, Viktor D"]
[Black "Faibisovich, Vadim Z"]
[Result "1/2-1/2"]
[WhiteElo "2200"]
[BlackElo "2460"]

1. e4 e5 2. Nf3 Nc6 3. Bb5 Nf6 4. O-O Nxe4 5. d4 Nd6 6. Bg5 Be7 7. Bxe7 Qxe7 8.  Bxc6 dxc6 9. dxe5 Nf5 10. Nc3 Be6 11. Qd2 O-O 12. Qf4 Rad8 13. Ne4 Kh8 14. c3  Rd3 15. Rad1 Rfd8 16. Rxd3 Rxd3 17. Neg5 h6 18. Nxe6 fxe6 19. h4 Qd8 20. h5 Qd5  21. Re1 Qxa2 22. g4 Qd5 23. Re4 Ne7 24. Qf8+ Kh7 25. Rf4 Rxf3 26. Rxf3 Nf5 27.  Rxf5 exf5 28. Qxf5+ Kg8 29. Kh2 a5 30. Kg3 b5 31. Qc8+ Kh7 32. Qxc7 Qd3+ 33. f3  Qe3 34. Qd6 a4 35. Qg6+ Kg8 36. e6 Qe1+ 37. Kf4 Qd2+ 38. Ke4 Qe2+ 39. Kd4 Qf2+  40. Ke5 Qc5+ 41. Ke4 Qd5+ 42. Ke3 b4 43. Qf7+ Kh7 44. Qg6+ Kg8 45. cxb4 Qb3+  46. Kf4 Qxb2 47. Qf7+ Kh7 48. Kg3 Qxb4 49. Qg6+ Kg8 50. Qe8+ Kh7 51. Kh3 Qc4  52. Qg6+ Kg8 53. Qf7+ Kh7 54. Kg3 Qc1 55. Qf5+ Kg8 56. Qf7+ Kh7 57. Kg2 Qc2+  58. Kh3 Qc4 59. Qf5+ Kg8 60. Kh4 Qe2 61. Kh3 Qf1+ 62. Kg3 Qg1+ 1/2-1/2

[Event "URS-ch sf"]
[Site "Daugavpils"]
[Date "1978.??.??"]
[Round "?"]
[White "Kupreichik, Viktor D"]
[Black "Gofshtein, Leonid"]
[Result "1/2-1/2"]
[WhiteElo "2200"]
[BlackElo "2400"]

1. e4 e5 2. Nf3 Nc6 3. Bb5 Nf6 4. O-O Be7 5. Re1 d6 6. c3 Bd7 7. d4 O-O 8. Bf1  a5 9. Nbd2 a4 10. dxe5 Nxe5 11. Nxe5 dxe5 12. Nc4 Bc6 13. Qc2 Nd7 14. Rd1 Qc8  15. g3 Nf6 16. f3 Re8 17. Be3 Qe6 18. Bf2 Nd7 19. Ne3 Bc5 20. Kg2 g6 21. Bc4  Qe7 22. Bd5 Nf6 23. Bxc6 bxc6 24. Nc4 Reb8 25. Qe2 Bxf2 26. Qxf2 Qe6 27. Qe2  Ne8 28. Rd2 Nd6 29. Ne3 Rb7 30. a3 Rab8 31. Rf1 Kg7 32. Rf2 Rb5 33. Rc2 h5  1/2-1/2

[Event "URS-ch sf"]
[Site "Daugavpils"]
[Date "1978.??.??"]
[Round "?"]
[White "Kupreichik, Viktor D"]
[Black "Magerramov, Elmar"]
[Result "1-0"]
[WhiteElo "2200"]
[BlackElo "2435"]

1. e4 c5 2. Nf3 e6 3. d4 cxd4 4. Nxd4 Nf6 5. Nc3 d6 6. Be3 a6 7. f4 b5 8. Qf3  Bb7 9. Bd3 Nbd7 10. g4 b4 11. Nce2 e5 12. Nb3 d5 13. Ng3 Be7 14. O-O-O O-O 15.  g5 dxe4 16. Nxe4 Nxe4 17. Bxe4 Bxe4 18. Qxe4 exf4 19. Qxf4 Qc8 20. Nd4 Nc5 21.  Nf5 Ra7 22. Qe5 1-0

[Event "URS-ch sf"]
[Site "Daugavpils"]
[Date "1978.??.??"]
[Round "?"]
[White "Kupreichik, Viktor D"]
[Black "Mihalcisin, Adrian"]
[Result "1/2-1/2"]
[WhiteElo "2200"]
[BlackElo "2460"]

1. e4 e5 2. Nf3 Nc6 3. d4 exd4 4. Nxd4 Bc5 5. Nb3 Bb4+ 6. Bd2 a5 7. Bd3 Nf6 8.  O-O Bxd2 9. N3xd2 O-O 10. c4 d6 11. Nc3 Re8 12. Rc1 Bd7 13. Bb1 Nd4 14. f4 Bc6  15. Nf3 Ne6 16. Nd4 Nc5 17. Nxc6 bxc6 18. Qf3 Qb8 19. Rce1 Qb6 20. Kh1 Re7 21.  e5 Rae8 22. Qg3 Nfd7 23. Re3 Nf8 24. Qh4 g6 25. Rh3 dxe5 26. f5 e4 27. f6 Re5  28. Qh6 Nce6 29. Bxe4 Rg5 30. b3 Qc5 31. Na4 Qd6 32. Nc3 Qe5 33. Bf3 Rf5 34. g4  Rg5 35. Ne4 Qd4 36. Ng3 Qc3 37. Bxc6 Rd8 38. Bd5 Rdxd5 39. cxd5 Rxd5 40. Nf5  Qxf6 41. Ne3 Qd4 42. Nxd5 Qxd5+ 43. Kg1 Ng5 44. Re3 Qc5 45. Rfe1 Nfe6 46. Kf1  Qd5 47. R1e2 Qd1+ 48. Kf2 Qd4 49. Qh4 Nf4 50. Kf1 Qd5 51. Qg3 Qh1+ 52. Qg1 Qd5  53. Re1 Qb5+ 54. R1e2 Qd5 55. h4 Ne4 56. Ke1 Qc5 57. Kf1 Qc1+ 58. Re1 Qc2 59.  Rxe4 Qd3+ 60. R4e2 Qf3+ 61. Qf2 Qh1+ 62. Qg1 Qf3+ 63. Rf2 Qd3+ 64. Ree2 1/2-1/2

[Event "URS-ch sf"]
[Site "Daugavpils"]
[Date "1978.??.??"]
[Round "?"]
[White "Kupreichik, Viktor D"]
[Black "Nikolaevsky, Yuri V"]
[Result "1-0"]
[WhiteElo "2200"]
[BlackElo "2200"]

1. e4 d6 2. d4 g6 3. Be3 Bg7 4. Nc3 c6 5. Qd2 b5 6. Nf3 Nd7 7. Bd3 Bb7 8. h4 h5  9. O-O-O Qa5 10. Kb1 a6 11. e5 dxe5 12. dxe5 Nxe5 13. Nxe5 Bxe5 14. Bxg6 Nf6  15. Bc5 Bxc3 16. bxc3 Nd5 17. Bd4 Rg8 18. Bxh5 c5 19. Be5 c4 20. Rhe1 Qa3 21.  Qh6 O-O-O 22. Bxf7 Nxc3+ 23. Bxc3 Qxc3 24. Qe6+ Kb8 25. Qxe7 Rxd1+ 26. Rxd1 Rc8  27. Rd7 Bc6 28. Qd6+ Ka8 29. Re7 Qa5 30. Bd5 Qb6 31. Re8 1-0

[Event "URS-ch sf"]
[Site "Daugavpils"]
[Date "1978.??.??"]
[Round "?"]
[White "Kupreichik, Viktor D"]
[Black "Panchenko, Alexander N"]
[Result "1-0"]
[WhiteElo "2200"]
[BlackElo "2495"]

1. e4 c5 2. Nf3 Nc6 3. d4 cxd4 4. Nxd4 Nf6 5. Nc3 e5 6. Ndb5 d6 7. Bg5 a6 8.  Na3 b5 9. Bxf6 gxf6 10. Nab1 f5 11. Bd3 f4 12. Nd2 Bg7 13. Qh5 Nb4 14. a4 Nxd3+  15. cxd3 Be6 16. O-O O-O 17. Nf3 Qd7 18. h3 b4 19. Ng5 h6 20. Nxe6 fxe6 21. Nb1  Rac8 22. Nd2 d5 23. Rfc1 Rxc1+ 24. Rxc1 Qxa4 25. exd5 exd5 26. Rc7 Qa1+ 27. Kh2  Qa5 28. Rd7 Qb6 29. Qg4 Rf7 30. Rxd5 Qxf2 31. Ne4 Qb6 32. Rd6 Qc7 33. Rxh6 f3  34. gxf3 Qc2+ 35. Kg3 Qc1 1-0

[Event "URS-ch sf"]
[Site "Daugavpils"]
[Date "1978.??.??"]
[Round "?"]
[White "Leibovich, D."]
[Black "Arbakov, Valentin"]
[Result "1-0"]
[WhiteElo "2200"]
[BlackElo "2200"]

1. e4 e5 2. Nf3 Nc6 3. Nc3 Nf6 4. Bb5 Nd4 5. Ba4 Bc5 6. Nxe5 O-O 7. Nd3 Bb6 8.  Nf4 c6 9. d3 d5 10. Be3 Ng4 11. Qd2 Qf6 12. h3 Nxe3 13. fxe3 Ne6 14. Nxe6 fxe6  15. O-O-O a5 16. d4 Bd8 17. Bb3 b5 18. a4 b4 19. Ne2 dxe4 20. Bc4 Bc7 21. Nf4  g5 22. Nh5 Qg6 23. Qe2 Bd7 24. Rhf1 Rxf1 25. Rxf1 Rf8 26. Rxf8+ Kxf8 27. Qg4  Ke7 28. Ng3 c5 29. dxc5 Bc6 30. Bb5 Bd5 31. h4 Bb8 32. Ne2 Ba7 33. Qg3 Kf8 34.  Qc7 Qf7 35. Qd8+ Kg7 36. Qxg5+ Kf8 37. Qd8+ Kg7 38. Qg5+ Kf8 39. c6 Bb6 40. Kd2  Qf2 41. Qf4+ Qxf4 42. Nxf4 Ke7 43. g4 Kd6 44. g5 e5 45. Nh5 Be6 46. Nf6 Bf5 47.  Ne8+ Ke7 48. c7 Bc5 49. h5 Kf7 50. g6+ hxg6 51. h6 1-0

[Event "URS-ch sf"]
[Site "Daugavpils"]
[Date "1978.??.??"]
[Round "?"]
[White "Leibovich, D."]
[Black "Eingorn, Vereslav S"]
[Result "1/2-1/2"]
[WhiteElo "2200"]
[BlackElo "2270"]

1. e4 c5 2. Nf3 e6 3. c3 d5 4. exd5 Qxd5 5. d4 Nf6 6. Be2 Nc6 7. O-O Be7 8.  dxc5 Qxd1 9. Rxd1 Bxc5 10. Nbd2 O-O 11. Nc4 Ng4 12. Nd4 e5 13. Nxc6 bxc6 14.  Rf1 Ba6 15. h3 Nf6 16. Re1 Rfe8 17. Be3 Bxe3 18. Nxe3 Bxe2 19. Rxe2 Rad8 20.  Kf1 Kf8 21. Rae1 Rd7 22. Nc4 e4 23. Nd2 1/2-1/2

[Event "URS-ch sf"]
[Site "Daugavpils"]
[Date "1978.??.??"]
[Round "?"]
[White "Leibovich, D."]
[Black "Gufeld, Eduard"]
[Result "1/2-1/2"]
[WhiteElo "2200"]
[BlackElo "2525"]

1. e4 c5 2. Nf3 d6 3. c3 Nf6 4. Bd3 Nc6 5. Bc2 Bg4 6. h3 Bxf3 7. Qxf3 g6 8. d3  Bg7 9. O-O O-O 10. Rd1 Nd7 11. Be3 Rc8 12. Na3 b5 13. Rac1 b4 14. Nb1 bxc3 15.  bxc3 Qa5 16. Bb3 Nb6 17. Qe2 e6 18. Qb2 d5 19. exd5 Nxd5 20. Bxd5 exd5 21. d4  c4 22. Qa3 Qc7 23. Nd2 h6 24. Rb1 f5 25. Nf3 f4 26. Bd2 g5 27. Rb5 Qd7 28. Qb2  Rb8 29. Rxb8 Rxb8 30. Qc2 Re8 31. Re1 Rxe1+ 32. Bxe1 Nb8 33. Bd2 Bf6 34. Bc1  Kg7 35. Ba3 1/2-1/2

[Event "URS-ch sf"]
[Site "Daugavpils"]
[Date "1978.??.??"]
[Round "?"]
[White "Leibovich, D."]
[Black "Katalymov, Boris N"]
[Result "0-1"]
[WhiteElo "2200"]
[BlackElo "2200"]

1. d4 g6 2. e4 Bg7 3. Nf3 d6 4. Be2 Nd7 5. O-O e5 6. c4 Ne7 7. Nc3 O-O 8. d5 f5  9. Ng5 Nf6 10. exf5 gxf5 11. f4 e4 12. Be3 h6 13. Nh3 c5 14. Nf2 Bd7 15. Rb1  Qe8 16. h3 Kh8 17. Kh2 Rg8 18. Rg1 h5 19. g3 Qg6 20. Qd2 Bh6 21. b4 b6 22. bxc5  dxc5 23. a4 Rad8 24. a5 Nc8 25. Qd1 Bf8 26. axb6 axb6 27. Na4 Bxa4 28. Qxa4 Bd6  29. h4 Rd7 30. Qd1 Bc7 31. Nh3 Nd6 32. Ng5 Nxc4 33. Bxc4 Ng4+ 34. Kh1 Nxe3 35.  Qa4 Rdd8 36. Qa1+ Qg7 37. Qxg7+ Rxg7 38. d6 Nxc4 39. dxc7 Rxc7 40. Ne6 Rcd7 41.  Nxd8 Rxd8 42. Rgd1 Rd4 43. Rdc1 Kg7 44. Kg1 Kf6 45. Kf2 Ke6 46. Ke2 Kd5 47. Rd1  Kc6 48. g4 fxg4 49. f5 Kd6 50. f6 Ke6 51. Rf1 Rd2+ 52. Ke1 Rd8 53. Ke2 Kf7 54.  Ra1 Rd2+ 55. Ke1 Rd7 56. Rf4 Ne3 57. Ke2 Nd5 58. Rf5 g3 59. Ra3 e3 60. Kf3 c4  61. Rxh5 Kxf6 62. Kxg3 Re7 63. Rxd5 e2 64. Ra1 e1=Q+ 65. Rxe1 Rxe1 66. Rb5 Re3+  67. Kf2 Rb3 68. Rg5 b5 69. Ke2 b4 70. Rc5 Rc3 71. Kd2 Ke6 72. h5 Kd6 73. Rc8  Kd5 74. h6 Rh3 75. Rh8 b3 76. Rd8+ Kc5 77. Rc8+ Kb4 78. Rb8+ Ka3 79. Rc8 c3+  0-1

[Event "URS-ch sf"]
[Site "Daugavpils"]
[Date "1978.??.??"]
[Round "?"]
[White "Leibovich, D."]
[Black "Korsunsky, Rostislav R"]
[Result "1/2-1/2"]
[WhiteElo "2200"]
[BlackElo "2200"]

1. d4 Nf6 2. c4 e6 3. Nf3 b6 4. g3 Bb7 5. Bg2 c5 6. O-O cxd4 7. Nxd4 Bxg2 8.  Kxg2 Be7 9. Nc3 Qc8 10. Qd3 Nc6 11. b3 O-O 12. Bb2 Rd8 13. Rac1 Nxd4 14. Qxd4  Qb7+ 15. e4 a6 16. f3 d6 17. a4 Bf8 18. Qd1 Rab8 19. Rf2 h6 20. Rd2 Be7 21. Ba3  Ne8 22. Rd3 Rbc8 23. Rc2 Qc7 24. f4 Bf6 25. Qf3 Bxc3 26. Rcxc3 Nf6 27. Rc1 Qb7  28. Re1 b5 29. e5 Qxf3+ 30. Kxf3 bxc4 31. bxc4 dxe5 32. Rxd8+ Rxd8 33. fxe5 Nd7  34. Bd6 Rc8 35. c5 Rc6 36. Rb1 Nxc5 37. Rc1 Nb3 38. Rxc6 Nd4+ 39. Ke4 Nxc6 40.  Kd3 f6 41. exf6 gxf6 42. Kc4 Na5+ 43. Kd4 Kf7 44. g4 Kg6 45. Bf8 f5 46. Ke5  fxg4 47. Kxe6 Nc4 48. Bc5 h5 49. Kd5 Nd2 50. a5 h4 51. Bf2 Kh5 52. Kc6 Nf1 53.  Kb6 Nxh2 54. Kxa6 g3 55. Bxg3 hxg3 56. Kb7 g2 57. a6 g1=Q 58. a7 Qg7+ 59. Kb8  Qe5+ 60. Kb7 Qd5+ 61. Kb8 Qd8+ 62. Kb7 Qd7+ 63. Kb8 Nf3 64. a8=Q Nd4 65. Qh1+  Kg6 66. Qe4+ Kf6 67. Qf4+ Nf5 68. Qc7 Qd5 69. Qb6+ Nd6 70. Kc7 Ke7 71. Qb4 Qe5  72. Qh4+ Ke6 73. Qh6+ Ke7 74. Qh4+ Kf7 75. Qh7+ Kf8 76. Qh6+ Ke7 77. Qh4+  1/2-1/2

[Event "URS-ch sf"]
[Site "Daugavpils"]
[Date "1978.??.??"]
[Round "?"]
[White "Leibovich, D."]
[Black "Vitolinsh, Alvis"]
[Result "1-0"]
[WhiteElo "2200"]
[BlackElo "2415"]

1. d4 Nf6 2. c4 e6 3. Nf3 Bb4+ 4. Bd2 c5 5. Bxb4 cxb4 6. e3 O-O 7. Bd3 d6 8.  O-O Qe7 9. Nbd2 e5 10. Qc2 Re8 11. Ng5 g6 12. Nge4 Nxe4 13. Bxe4 Nc6 14. d5 Nb8  15. a3 Na6 16. Qb3 f5 17. Bc2 bxa3 18. Qxa3 Nc7 19. Rfd1 b5 20. cxb5 Nxb5 21.  Qd3 Bd7 22. Ba4 Rab8 23. Nc4 f4 24. Na5 f3 25. Nc6 Qg5 26. g3 a6 27. Nxb8 Rxb8  28. Qe4 Bg4 29. Bb3 Nc7 30. Bc4 Rxb2 31. Bf1 Qh5 32. h3 Bf5 33. Qh4 Qxh4 34.  gxh4 Nb5 35. Rdc1 Bc2 36. Rxa6 Nc3 37. Rc6 Ne2+ 38. Bxe2 fxe2 39. f3 Bf5 40.  Kf2 1-0

[Event "URS-ch sf"]
[Site "Daugavpils"]
[Date "1978.??.??"]
[Round "?"]
[White "Lerner, Konstantin Z"]
[Black "Averkin, Orest N"]
[Result "1-0"]
[WhiteElo "2445"]
[BlackElo "2455"]

1. c4 e6 2. Nf3 b6 3. e4 Bb7 4. Nc3 c5 5. d4 cxd4 6. Nxd4 Nc6 7. Be2 Nf6 8. Bf4  Nxd4 9. Qxd4 Bb4 10. a3 Bxc3+ 11. Qxc3 O-O 12. e5 Ne4 13. Qe3 f6 14. f3 fxe5  15. Bxe5 Rf5 16. Bg3 Nxg3 17. hxg3 Rc5 18. Rd1 h6 19. b4 Rf5 20. Rh4 Qe7 21.  Rhd4 Rd8 22. Bd3 Rh5 23. Kf2 Qf6 24. Be2 Re5 25. Qf4 1-0

[Event "URS-ch sf"]
[Site "Daugavpils"]
[Date "1978.??.??"]
[Round "?"]
[White "Lerner, Konstantin Z"]
[Black "Malaniuk, Vladimir P"]
[Result "0-1"]
[WhiteElo "2445"]
[BlackElo "2200"]

1. c4 e5 2. Nc3 Nf6 3. Nf3 Nc6 4. e3 Bb4 5. Qc2 O-O 6. Nd5 Bc5 7. a3 a5 8. Ng5  g6 9. Nxf6+ Qxf6 10. Ne4 Qe7 11. Be2 Ba7 12. b3 d6 13. Bb2 Be6 14. Nc3 f6 15.  O-O Qf7 16. Kh1 Nb8 17. f4 Nd7 18. fxe5 dxe5 19. Nb5 Bb8 20. d4 c6 21. Nc3 Nb6  22. Ne4 Bf5 23. Bd3 Qe7 24. a4 Bxe4 25. Bxe4 exd4 26. exd4 f5 27. Bd3 Qh4 28.  g3 Bxg3 29. Qg2 Bf4 30. Rf3 Bh6 31. Bxf5 Bg7 32. Rg1 Rae8 33. Bxg6 hxg6 34.  Qxg6 Qh7 35. Rfg3 Rf7 36. d5 Ree7 37. Qxh7+ Kxh7 38. Rh3+ Bh6 39. Bc1 Rf6 40.  Bg5 Ref7 41. Bxf6 Rxf6 42. dxc6 Rxc6 43. Rf3 Rc7 44. Rf5 Nc8 45. Rxa5 Nd6 46.  Re5 Bg7 47. Rh5+ Kg8 0-1

[Event "URS-ch sf"]
[Site "Daugavpils"]
[Date "1978.??.??"]
[Round "?"]
[White "Lerner, Konstantin Z"]
[Black "Mishuchkov, Nikolai M"]
[Result "1-0"]
[WhiteElo "2445"]
[BlackElo "2410"]

1. d4 Nf6 2. Nf3 e6 3. c4 b6 4. g3 Bb7 5. Bg2 Be7 6. O-O O-O 7. Nc3 Ne4 8. Qc2  Nxc3 9. Qxc3 c5 10. Rd1 d6 11. b3 Bf6 12. Bb2 Qe7 13. Qc2 Nc6 14. e4 g6 15. d5  Nb4 16. Bxf6 Qxf6 17. Qd2 exd5 18. exd5 a5 19. a3 Na6 20. Ng5 Rad8 21. Ne4 Qg7  22. Qf4 f6 23. Re1 Bc8 24. Ra2 h6 25. Nc3 g5 26. Qf3 Nc7 27. Rae2 Bd7 28. g4 f5  29. gxf5 Bxf5 30. Qg3 Ne8 31. Re7 Qg6 32. Rb7 Nf6 33. Ree7 Rd7 34. Rbxd7 Nxd7  35. Ne4 Nf6 36. Nxd6 Nh5 37. Qe5 Nf4 38. Ne8 Rf7 39. Rxf7 Qxf7 40. Nf6+ Kg7 41.  Nh5+ Kh7 42. Nxf4 gxf4 43. Qxf4 Qf6 44. h4 a4 45. bxa4 Qa1+ 46. Kh2 Qb1 47. d6  Qd3 48. Bd5 Qh3+ 49. Kg1 h5 50. Qg5 Bg6 51. Qe7+ Kh6 1-0

[Event "URS-ch sf"]
[Site "Daugavpils"]
[Date "1978.??.??"]
[Round "?"]
[White "Lerner, Konstantin Z"]
[Black "Rashkovsky, Nukhim N"]
[Result "1-0"]
[WhiteElo "2445"]
[BlackElo "2505"]

1. d4 Nf6 2. c4 g6 3. Nc3 Bg7 4. g3 O-O 5. Bg2 d6 6. Nf3 Nc6 7. O-O a6 8. h3  Rb8 9. Be3 b5 10. Nd2 Na5 11. cxb5 axb5 12. b4 Nc4 13. Nxc4 bxc4 14. b5 Bb7 15.  a4 Bxg2 16. Kxg2 c6 17. bxc6 Rb3 18. Rc1 Qa5 19. Bd2 Nd5 20. Qc2 Nxc3 21. Bxc3  Qxa4 22. Qe4 e6 23. c7 d5 24. Qh4 f6 25. Ra1 Qc6 26. Ba5 Ra8 27. Qf4 g5 28. Qg4  h6 29. e3 Bf8 30. Qh5 Kg7 31. h4 Rb5 32. hxg5 fxg5 33. Rh1 Kf6 34. Qf3+ Ke7 35.  Rhb1 Kd7 36. Qf7+ Be7 37. Rxb5 Qxb5 38. Bb4 1-0